Welcome to CU Library Online Public Access Catalogue (OPAC)

Sociology : (Record no. 4802)

MARC details
000 -LEADER
fixed length control field 00707cam a2200229 a 4500
001 - CONTROL NUMBER
control field 14511456
005 - DATE AND TIME OF LATEST TRANSACTION
control field 20250314152413.0
008 - FIXED-LENGTH DATA ELEMENTS--GENERAL INFORMATION
fixed length control field 031204s2004 oncab b 001 0 eng
020 ## - INTERNATIONAL STANDARD BOOK NUMBER
International Standard Book Number 019541764X
020 ## - INTERNATIONAL STANDARD BOOK NUMBER
International Standard Book Number 9780195417647
050 00 - LIBRARY OF CONGRESS CALL NUMBER
Classification number HM586
Item number .S636 2004
082 00 - DEWEY DECIMAL CLASSIFICATION NUMBER
Classification number 301
Edition information 22
245 00 - TITLE STATEMENT
Title Sociology :
Remainder of title a Canadian perspective /
Statement of responsibility, etc. edited by Lorne Tepperman and James Curtis.
260 ## - PUBLICATION, DISTRIBUTION, ETC.
Place of publication, distribution, etc. Don Mills, Ont. :
Name of publisher, distributor, etc. Oxford University Press,
Date of publication, distribution, etc. 2004.
300 ## - PHYSICAL DESCRIPTION
Extent xiii, 690 p. :
Other physical details ill. (chiefly col.), col. maps ;
Dimensions 29 cm. + 1 CD-Rom.
650 #0 - SUBJECT ADDED ENTRY--TOPICAL TERM
Topical term or geographic name entry element Sociology.
650 #0 - SUBJECT ADDED ENTRY--TOPICAL TERM
Topical term or geographic name entry element Sociology
Geographic subdivision Canada.
650 #6 - SUBJECT ADDED ENTRY--TOPICAL TERM
Topical term or geographic name entry element Sociologie.
700 1# - ADDED ENTRY--PERSONAL NAME
Personal name Curtis, James E.
700 1# - ADDED ENTRY--PERSONAL NAME
Personal name Tepperman, Lorne.
942 ## - ADDED ENTRY ELEMENTS (KOHA)
Source of classification or shelving scheme Library of Congress Classification
Koha item type Books
Suppress in OPAC No
999 ## -
-- 4802
-- 4802
Holdings
Withdrawn status Lost status Source of classification or shelving scheme Damaged status Not for loan Collection Home library Current library Shelving location Date acquired Total checkouts Full call number Barcode Date last seen Copy number Price effective from Koha item type
    Library of Congress Classification     Non-fiction Business Library (Miotso) Business Library (Miotso) General stacks 03/14/2025   HM586 .S636 2004 BSSM00001371 03/14/2025 1 03/14/2025 Books
© 2023-2024 Copyright: Central University Libraries. All Rights Reserved | Created by: Mahone Tech Office